Fluid mechanics (Record no. 396725)

MARC details
000 -LEADER
fixed length control field 00504 a2200205 4500
005 - DATE & TIME
control field 20260401115516.0
008 - FIXED-LENGTH DATA ELEMENTS--GENERAL INFORMATION
fixed length control field 260319b |||||||| |||| 00| 0 eng d
020 ## - ISBN
International Standard Book Number 9788119365975
Price Rs. 2300.00
040 ## - CATALOGING SOURCE
Original cataloging agency VIVEKANANDA LIBRARY
082 ## - DDC NUMBER
Classification number 532
Book Number D543F
100 ## - MAIN ENTRY--PERSONAL NAME
Personal name Dias, Savio, ed.
245 ## - TITLE STATEMENT
Title Fluid mechanics
250 ## - EDITION STATEMENT
Edition statement
260 ## - PUBLICATION, DISTRIBUTION, ETC. (IMPRINT)
Name of publisher, distributor, etc Discovery Publishing House
Date of publication, distribution, etc 2024
Place of publication, distribution, etc New Delhi
300 ## - PHYSICAL DESCRIPTION
Pages v, 229
650 ## - Subject
Subject Physics
650 ## - Subject
Subject Natural Science
650 ## - Subject
Subject Fluid Mechanics
942 ## - ADDED ENTRY ELEMENTS (KOHA)
Koha item type Books
Holdings
Withdrawn status Lost status Source of classification or shelving scheme Damaged status Not for loan Location (home branch) Sublocation or collection (holding branch) Shelving location Date acquired Koha issues (times borrowed) Koha full call number Accession No. Koha date last seen Koha item type
    Dewey Decimal Classification     VIVEKANANDA LIBRARY VIVEKANANDA LIBRARY UIET Library 19/02/2026   532 D543F 431024 19/02/2026 Books
© Designed and Maintained by Vivekananda Library, MDU Rohtak